Science Quiz

Random Science Quiz

Normal Flora vs. Pathogens Quiz Stats

Quiz not verified by Sporcle

Also try: Pick a Fish Blitz
Challenge
Share
Tweet
Embed
Score 0/18 Timer 15:00
0 Plays Today
x x % Correct
Infectious diseases that attack many people at the same time in the same geographic area.Epidemic disease
91.7%
Worldwide occurrence of disease.Pandemic disease
83.3%
Bacteria that causes hyperactivation and increase in adenylate cyclase. This results in increased cAMP and patient loses water and have diarrhea.Vibrio cholerae
58.3%
Diseases that constantly present in a local populationEndemic disease
58.3%
Blocks release of inhibitory neurotransmitters. Causes constant contraction.Tetanus
50%
Blocks release of acetylcholine from peripheral nerves. Prevents contraction.Botulinum
50%
Type of symbiosis where it is beneficial to one partner while the other is unaffectedCommensalism
41.7%
Cell wall components freed when cells die and break up.Endotoxin
41.7%
Binds to external region of T cell receptor and the MHC II on macrophage resulting in nonspecific interaction and massive release of cytokines.Superantigens
41.7%
x x % Correct
Gram negative bacteria that triggers surface ruffles.Salmonella enterica
33.3%
Soluble proteins released by living bacterial cells.Exotoxin
33.3%
Bacteria that causes enzymatic lysis of host cells resulting in Gas Gangrene.Clostridium perfringens
33.3%
Bacteria that causes inhibition of protein synthesis by inactivation of elongation factor-2.Diphtheria
33.3%
Direct injection of toxins through the flagella or pilus into host cells. Type III or IV secretion
33.3%
Type of disease where the pathogen attaches to alveolar macrophages, prevents phagosome-lysosome fusion, and cause lysis of phagocytes.Legionnaire's disease
25%
Bacteria that forms pores on host cells. Staph aureus
25%
Thick gray exudate formed from inflammatory reaction caused by diphteria.Pseudomembrane
25%
Surface protein used for invasionInvasin
16.7%

You're not logged in!

Compare scores with friends on all Sporcle quizzes.
Sign Up with Email
OR
Log In

You Might Also Like...

Show Comments

Extras

Top Quizzes Today


Score Distribution

Your Account Isn't Verified!

In order to create a playlist on Sporcle, you need to verify the email address you used during registration. Go to your Sporcle Settings to finish the process.

Report this User

Report this user for behavior that violates our Community Guidelines.

Details: